| 000 | 00683nam a2200169 i 4500 | ||
|---|---|---|---|
| 001 | 166870 | ||
| 003 | ES-MaACL | ||
| 005 | 20250907063128.0 | ||
| 008 | 000711s1856 fr |||| | spa d | ||
| 100 | 0 |
_aPlácido, _d1809-1844 _992505 |
|
| 245 | 1 | 0 | _aPoesías completas de Plácido (Gabriel de la Concepción Valdés). |
| 260 |
_aParis : _ben casa de Mme C. Denné Schmitz librería española ; _aMéjico : _blibreria hispano-americana de Mellado, Contreras y Cª, _c1856 ( _eParis : _fTyp. d'Aubusson y Kugelman) |
||
| 300 |
_a[8], 394 p. ; _c18 cm. |
||
| 852 |
_aES-MaACL _jG-10142 _z. - Enc. tela |
||
| 852 |
_aES-MaACL _jD-326 _z. - Enc. hol. |
||
| 999 |
_c166870 _d166870 |
||